British Birds by Letters - Q and R - Statistics

General Stats
  • This quiz has been taken 9 times
  • The average score is 13 of 16
Answer Stats
Picture Hint Answer % Correct
Coturnix coturnix Quail
100%
Milvus milvus Red Kite
100%
Erithacus rubecula Robin
100%
Corvus frugilegus Rook
100%
Corvus corax Raven
80%
Alca torda Razorbill
80%
Acanthis flammea Redpoll
80%
Tringa totanus Redshank
80%
Phoenicurus phoenicurus Redstart
80%
Turdus iliacus Redwing
80%
Acrocephalus scirpaceus Reed Warbler
80%
Columba livia Rock Dove
80%
Calidris pugnax Ruff
80%
Turdus torquatus Ring Ouzel
60%
Carpodacus erythrinus Rosefinch
60%
Oxyura jamaicensis Ruddy Duck
60%
No matching quizzes found
Score Distribution
Percent of People with Each Score
Percentile by Number Answered
Your Score History
You have not taken this quiz